[Event "Aeroflot Open A 2017"]
[Site "masterchessopen.com Moscow RUS"]
[Date "2017.02.25"]
[Round "5.19"]
[White "Van Foreest,Jorden"]
[Black "Yu Yangyi"]
[Result "0-1"]
[WhiteElo "2584"]
[BlackElo "2738"]

1.e4 c5 2.Nf3 d6 3.Bb5+ Bd7 4.Bxd7+ Nxd7 5.c4 Ngf6 6.Nc3 Rc8 7.d4 cxd4 8.Qxd4
a6 9.b3 g6 10.O-O Bg7 11.Bb2 Qa5 12.Rfe1 O-O 13.Nd5 Rfe8 14.Bc3 Qc5 15.Qd2 b5
16.Rac1 Nxd5 17.Bxg7 N5f6 18.Bxf6 Nxf6 19.b4 Qa7 20.c5 dxc5 21.e5 Nh5 22.e6 f5
23.bxc5 Red8 24.Qc3 Nf6 25.Ne5 Rd5 26.Qe3 Ng4 27.Nxg4 fxg4 28.Red1 Rxd1+
29.Rxd1 Qxc5 30.Qe2 Qc4 31.Qe3 Qxa2 32.g3 b4 33.Qc5 {#R} 0-1

[Event "Aeroflot Open A 2017"]
[Site "masterchessopen.com Moscow RUS"]
[Date "2017.02.25"]
[Round "5.20"]
[White "Predke,A"]
[Black "Korobov,A"]
[Result "0-1"]
[WhiteElo "2573"]
[BlackElo "2691"]

1.e4 c5 2.Nf3 d6 3.d4 cxd4 4.Nxd4 Nf6 5.Nc3 a6 6.g3 e5 7.Nde2 Be7 8.Bg2 O-O
9.O-O Be6 10.h3 Nbd7 11.g4 Nb6 12.a4 Rc8 13.a5 Nc4 14.Nd5 Nxd5 15.exd5 Bd7
16.Qe1 b6 17.axb6 Nxb6 18.Nc3 f5 19.gxf5 Bxf5 20.Qe2 Rc4 21.Rxa6 Rh4 22.Ne4
Kh8 23.c4 Bxe4 24.Bxe4 Qc8 25.Rxb6 Qxh3 26.f4 exf4 27.Bf3 Rh6 28.Rf2 Bf6
29.Qe4 Rg6+ 30.Rg2 Rg3 31.Rxd6 Rxf3 32.Rxf6 gxf6 33.Qe7 Qh6 34.Bd2 Ra8 35.d6
Re3 36.Bxe3 fxe3 37.Rg4 Ra1+ 38.Kg2 Qh1+ 39.Kg3 Rg1+ 40.Kf4 Qh6+ 41.Ke4 Rxg4+
42.Kd3 e2 {#R} 0-1

[Event "Aeroflot Open A 2017"]
[Site "masterchessopen.com Moscow RUS"]
[Date "2017.02.25"]
[Round "5.21"]
[White "Sjugirov,S"]
[Black "Alekseenko,K"]
[Result "1-0"]
[WhiteElo "2673"]
[BlackElo "2588"]

1.e4 c5 2.Nf3 d6 3.d4 cxd4 4.Nxd4 Nf6 5.Nc3 Nc6 6.Bg5 Qb6 7.Nb3 e6 8.Bxf6 gxf6
9.Qd2 Bd7 10.Be2 h5 11.f4 a6 12.O-O-O O-O-O 13.Rhf1 Kb8 14.Rf3 Be7 15.Kb1 h4
16.a3 Rc8 17.Qe1 Na5 18.Ka2 Nxb3 19.cxb3 Bc6 20.Rfd3 Qc5 21.Bf3 Rc7 22.h3 b5
23.Ne2 Bb7 24.Nd4 Rcc8 25.Rc3 Qb6 26.Rxc8+ Kxc8 27.f5 e5 28.Nc2 Kd7 29.Ne3 Bd8
30.Qd2 Ke7 31.Nd5+ Bxd5 32.Qxd5 b4 33.a4 a5 34.Rc1 Qb8 35.Rc6 Bb6 36.Be2 Bc5
37.Bc4 Rf8 38.Ra6 Qc7 39.Rc6 Qa7 40.Kb1 Kd7 41.Ra6 Qc7 42.Bb5+ Ke7 43.Rxa5
{#r} 1-0

[Event "Aeroflot Open A 2017"]
[Site "masterchessopen.com Moscow RUS"]
[Date "2017.02.25"]
[Round "5.28"]
[White "Jumabayev,R"]
[Black "Zhigalko,A"]
[Result "1-0"]
[WhiteElo "2611"]
[BlackElo "2571"]

1.e4 c5 2.Nf3 d6 3.d4 cxd4 4.Qxd4 Nc6 5.Bb5 Bd7 6.Qd3 g6 7.O-O Bg7 8.c4 Nf6
9.h3 O-O 10.Nc3 a6 11.Bxc6 Bxc6 12.Nd4 Qb6 13.Rd1 Nd7 14.Be3 Qxb2 15.Rab1 Qa3
16.Nxc6 bxc6 17.Nd5 Qxd3 18.Nxe7+ Kh8 19.Rxd3 Ne5 20.Rxd6 Rae8 21.Nxc6 Nxc4
22.Rd3 Rxe4 23.Ba7 h5 24.g3 Re6 25.Nd4 Re4 26.Nf3 Kg8 27.Rb7 Re6 28.Rd5 Nd6
29.Rd7 Ne4 30.Rb7 Rc8 31.Kg2 Rd6 32.Ra5 Bf6 33.g4 hxg4 34.hxg4 Rc2 35.g5 Bc3
36.Ra4 Nd2 37.Rb8+ Kg7 38.Nd4 Rb2 39.Rc8 Rb7 40.Bc5 Rd5 41.Bf8+ Kh7 42.Ne6
fxe6 43.Rh4+ Kg8 44.Bb4+ Kg7 45.Bxc3+ e5 46.Rch8 {#r} 1-0

[Event "Aeroflot Open A 2017"]
[Site "masterchessopen.com Moscow RUS"]
[Date "2017.02.25"]
[Round "5.32"]
[White "Kulaots,K"]
[Black "Kuybokarov,Temur"]
[Result "1-0"]
[WhiteElo "2590"]
[BlackElo "2491"]

1.Nf3 d5 2.c4 c6 3.e3 Nf6 4.Nc3 a6 5.b3 Bg4 6.Be2 e6 7.O-O Nbd7 8.Bb2 Bd6 9.d4
O-O 10.h3 Bh5 11.Nd2 Bg6 12.Bf3 b5 13.Re1 bxc4 14.bxc4 Rb8 15.Qc1 Qb6 16.Ba3
Bxa3 17.Qxa3 Qb4 18.Qxb4 Rxb4 19.c5 a5 20.Bd1 e5 21.a3 exd4 22.Nxd5 Nxd5
23.axb4 dxe3 24.fxe3 Nxb4 25.Rxa5 Nd3 26.Rf1 N3xc5 27.Bf3 Bd3 28.Rc1 Bb5
29.Rc3 g6 30.Ra7 Rd8 31.Nc4 Ne6 32.Bg4 Nef8 33.Bxd7 Nxd7 34.Nd6 Ne5 35.Nxb5
cxb5 36.Rc5 Rd1+ 37.Kh2 Nc4 38.e4 Rf1 39.Rxb5 Kg7 40.Rc5 Nd6 41.e5 Rf5 42.Ra4
Nb7 43.Rd5 Rf1 44.Rb4 {#r} 1-0

[Event "Aeroflot Open A 2017"]
[Site "masterchessopen.com Moscow RUS"]
[Date "2017.02.25"]
[Round "5.33"]
[White "Kotronias,V"]
[Black "Saric,Iv"]
[Result "0-1"]
[WhiteElo "2524"]
[BlackElo "2648"]

1.e4 g6 2.d4 d6 3.Nc3 Bg7 4.Be3 Nf6 5.f3 c6 6.Qd2 b5 7.Nge2 Nbd7 8.g4 Nb6
9.Ng3 h5 10.gxh5 Nxh5 11.Nxh5 Rxh5 12.Qf2 Na4 13.Nxa4 bxa4 14.O-O-O Rb8 15.c3
a3 16.b3 Be6 17.Kc2 a5 18.Rb1 a4 19.Bc4 d5 20.Bd3 axb3+ 21.Rxb3 dxe4 22.fxe4
Bxb3+ 23.axb3 e6 24.Rf1 Qe7 25.b4 a2 26.Kb3 Ra8 27.Ra1 Qa7 28.Bc4 c5 29.e5
Qa3+ 30.Kc2 cxb4 31.Bb3 bxc3 32.Bc1 Qb4 33.Rxa2 Rxa2+ 34.Bxa2 Bh6 {#R} 0-1

[Event "Aeroflot Open A 2017"]
[Site "masterchessopen.com Moscow RUS"]
[Date "2017.02.25"]
[Round "5.35"]
[White "Maghsoodloo,Parham"]
[Black "Swapnil,SD"]
[Result "1-0"]
[WhiteElo "2575"]
[BlackElo "2534"]

1.d4 Nf6 2.c4 e6 3.Nf3 d5 4.g3 Be7 5.Bg2 O-O 6.O-O dxc4 7.Qc2 a6 8.a4 Bd7
9.Qxc4 Bc6 10.Bg5 Bd5 11.Qd3 Be4 12.Qd1 c5 13.dxc5 Bxc5 14.Nc3 Bc6 15.Ne5 Bxg2
16.Kxg2 Bd4 17.Bxf6 gxf6 18.Nc4 Nc6 19.e3 Bxc3 20.bxc3 Qe7 21.Rb1 Rac8 22.Rb3
Rc7 23.Qg4+ Kh8 24.Qf4 Rd8 25.Rfb1 Rd5 26.Qh6 Na5 27.Nxa5 Rxa5 28.Rd1 Rxa4
29.Rb6 Rg4 30.Rbd6 Rg8 31.e4 a5 32.h4 Rg6 33.Qf4 Kg7 34.Rd8 h5 35.Ra8 Rg4
36.Qe3 Rd7 37.Rxd7 Qxd7 38.Qc5 f5 39.Qf8+ Kf6 40.Qh8+ Ke7 41.e5 Qd5+ 42.Kh2
{#r} 1-0

[Event "Aeroflot Open A 2017"]
[Site "masterchessopen.com Moscow RUS"]
[Date "2017.02.25"]
[Round "5.36"]
[White "Golubov,Saveliy"]
[Black "Ghaem Maghami,E"]
[Result "0-1"]
[WhiteElo "2492"]
[BlackElo "2566"]

1.d4 Nf6 2.c4 e6 3.Nc3 Bb4 4.Qb3 c5 5.dxc5 Nc6 6.Nf3 Ne4 7.Bd2 Nxd2 8.Nxd2 f5
9.e3 O-O 10.Be2 Bxc5 11.O-O b6 12.Nf3 Bb7 13.Rfd1 Qe7 14.Na4 d6 15.Nd4 Bxd4
16.exd4 Qf6 17.Qc3 e5 18.dxe5 dxe5 19.Bf3 Nd4 20.Bxb7 Ne2+ 21.Kh1 Nxc3 22.Nxc3
Rad8 23.Bd5+ Kh8 24.Rd2 e4 25.Re1 Rfe8 26.Rde2 Re5 27.a4 Qe7 28.f4 Re6 29.Bxe6
Qxe6 30.Nd5 h5 31.Re3 Rd6 32.Rh3 Qf7 33.Rb3 Qd7 34.Rh3 Rh6 35.b3 Qd6 36.Rd1
Qa3 37.Re1 Kg8 38.Rc3 Kf7 39.Rec1 Rd6 40.h4 a6 41.Kh2 b5 42.axb5 axb5 43.b4
Qa7 44.Ne3 Rd3 45.c5 g6 46.Rxd3 exd3 47.Rc3 d2 48.Rd3 Qe7 49.c6 Qxh4+ 50.Kg1
Qe1+ {#R} 0-1

[Event "Aeroflot Open A 2017"]
[Site "masterchessopen.com Moscow RUS"]
[Date "2017.02.25"]
[Round "5.37"]
[White "Tabatabaei,M"]
[Black "Vakhidov,J"]
[Result "1-0"]
[WhiteElo "2507"]
[BlackElo "2561"]

1.d4 Nf6 2.c4 c5 3.d5 e5 4.Nc3 d6 5.e4 Nbd7 6.Be2 Be7 7.Be3 a6 8.a4 Nf8 9.h4
h5 10.f3 Rb8 11.Nh3 Bd7 12.g3 Qc8 13.Nf2 Bd8 14.a5 Bc7 15.f4 exf4 16.gxf4 Ng6
17.Nd3 Ng4 18.Qd2 Qd8 19.f5 N6e5 20.Nxe5 Nxe5 21.Nd1 Qe7 22.Nf2 g6 23.fxg6
fxg6 24.Nd3 Ng4 25.Bxg4 Bxg4 26.O-O Qxh4 27.Bf2 Qe7 28.Bg3 Kd7 29.Nxc5+ dxc5
30.d6 Bxd6 31.Rf7 {#r} 1-0

[Event "Aeroflot Open A 2017"]
[Site "masterchessopen.com Moscow RUS"]
[Date "2017.02.25"]
[Round "5.41"]
[White "Xu,Yinglun"]
[Black "Karavade,E"]
[Result "1-0"]
[WhiteElo "2540"]
[BlackElo "2418"]

1.Nf3 d5 2.d4 Nf6 3.c4 e6 4.Nc3 Bb4 5.Bg5 h6 6.Bxf6 Qxf6 7.Rc1 O-O 8.Qb3 Bxc3+
9.Qxc3 c6 10.e3 Nd7 11.Be2 Re8 12.cxd5 exd5 13.b4 a6 14.O-O Nb6 15.Qc5 Qd8
16.Bd3 Be6 17.Nd2 Rc8 18.Qa5 Nd7 19.Qxd8 Rexd8 20.Nb3 Nb6 21.Nc5 Rb8 22.Rc3
Re8 23.h3 Re7 24.a4 Nd7 25.Nb3 Nb6 26.Ra1 Nc8 27.b5 axb5 28.axb5 cxb5 29.Bxb5
Nd6 30.Bd3 Nc4 31.Nc5 b6 32.Rb1 Ra7 33.Bxc4 dxc4 34.Nxe6 fxe6 35.Rxc4 b5
36.Rcb4 Rab7 37.Rc1 Kf7 38.Rc5 Ke7 39.h4 Kd6 40.g4 Rb6 41.Kg2 R6b7 42.Kg3 Rb6
43.h5 R6b7 44.f4 Rb6 45.Kf3 R6b7 46.f5 {#r} 1-0

[Event "Aeroflot Open A 2017"]
[Site "masterchessopen.com Moscow RUS"]
[Date "2017.02.25"]
[Round "5.42"]
[White "Lalith,B"]
[Black "Tran Tuan Minh"]
[Result "1-0"]
[WhiteElo "2584"]
[BlackElo "2491"]

1.Nf3 Nf6 2.c4 b6 3.g3 Bb7 4.Bg2 e6 5.O-O Be7 6.Nc3 O-O 7.Re1 Ne4 8.Nxe4 Bxe4
9.d3 Bb7 10.e4 c5 11.d4 cxd4 12.Nxd4 Nc6 13.e5 Qb8 14.Nxc6 Bxc6 15.Qg4 Rc8
16.Bh6 Bf8 17.Bxc6 Rxc6 18.Rad1 d6 19.exd6 Rxd6 20.Bf4 Rxd1 21.Rxd1 Qb7 22.Bd6
Qc6 23.Bxf8 Rxf8 24.Qe2 f6 25.b3 Rf7 26.Rd8+ Rf8 27.Rd3 Rf7 28.Qd1 g6 29.Rd8+
Kg7 30.Qd3 Re7 31.h4 Qc5 32.Qf3 Rf7 33.Qa8 Kh6 34.Rg8 Qf5 35.Qc6 e5 36.Rd8 Re7
37.Rd6 Kg7 38.Qd5 Qg4 39.Rd8 Rf7 40.b4 e4 41.Re8 f5 42.c5 bxc5 43.bxc5 Qf3
44.c6 Qc3 45.Qd8 Qc1+ 46.Kg2 Kh6 47.Rf8 Rg7 48.Qd6 Kh5 49.Qe5 Kh6 50.Rf6 {#r}
1-0

[Event "Aeroflot Open A 2017"]
[Site "masterchessopen.com Moscow RUS"]
[Date "2017.02.25"]
[Round "5.43"]
[White "Paravyan,D"]
[Black "Adhiban,Baskaran"]
[Result "0-1"]
[WhiteElo "2525"]
[BlackElo "2682"]

1.c4 e5 2.Nc3 Bb4 3.Nd5 a5 4.Nf3 d6 5.Nxb4 axb4 6.d4 Qe7 7.Bg5 f6 8.Be3 f5
9.Bg5 Nf6 10.c5 e4 11.cxd6 Qxd6 12.Ne5 Be6 13.e3 O-O 14.Be2 Nd5 15.Nc4 Qd7
16.Ne5 Qd6 17.Nc4 Qc6 18.Ne5 Qe8 19.O-O Nd7 20.Bh5 Qc8 21.Qc2 Nxe5 22.dxe5 c5
23.Rfc1 h6 24.Bh4 c4 25.Qd2 Qc5 26.Bg6 b5 27.g4 f4 28.Bxe4 fxe3 29.fxe3 Rf4
30.Bg2 Rxg4 31.Bg3 Rf8 32.Rf1 Rxf1+ 33.Rxf1 Qxe3+ 34.Rf2 Rd4 35.Qc2 c3 36.bxc3
bxc3 37.Bf1 Rd2 38.Qg6 Nf4 39.Qe8+ Kh7 40.Qxb5 c2 {#R} 0-1

[Event "Aeroflot Open A 2017"]
[Site "masterchessopen.com Moscow RUS"]
[Date "2017.02.25"]
[Round "5.44"]
[White "Blomqvist,E"]
[Black "Sarana,A"]
[Result "1-0"]
[WhiteElo "2573"]
[BlackElo "2468"]

1.e4 e5 2.Nf3 Nc6 3.Bb5 a6 4.Ba4 Nf6 5.O-O Be7 6.d3 d6 7.c3 O-O 8.Re1 Re8 9.h3
Bf8 10.c4 g6 11.Nc3 Bg7 12.Nd5 Bd7 13.Bg5 Nb8 14.b4 c6 15.Nc3 Be6 16.Qd2 Nbd7
17.Bb3 a5 18.a3 c5 19.b5 Qc8 20.Rac1 Kh8 21.Be3 Ng8 22.Ng5 h6 23.Nxe6 fxe6
24.g3 Rf8 25.Kg2 Kh7 26.Rh1 Rf7 27.Ne2 Qc7 28.Ng1 Raf8 29.h4 Ngf6 30.Qe2 Nh5
31.Qg4 Re7 32.Nh3 b6 33.Rce1 Qb7 34.Bd2 Ndf6 35.Qe2 d5 36.cxd5 exd5 37.Ng5+
hxg5 38.hxg5 Nxe4 39.dxe4 c4 40.Bc2 d4 41.Qxc4 Ref7 42.Ref1 Rf3 43.Rh4 Rc8
44.Qa2 Rcf8 45.Bd1 R3f7 46.Qe6 Re7 47.Qc6 {#r} 1-0

[Event "Aeroflot Open A 2017"]
[Site "masterchessopen.com Moscow RUS"]
[Date "2017.02.25"]
[Round "5.47"]
[White "Lorparizangeneh,S"]
[Black "Olafsson,H1"]
[Result "1-0"]
[WhiteElo "2519"]
[BlackElo "2540"]

1.c4 e5 2.Nc3 d6 3.Nf3 f5 4.d4 e4 5.Bg5 Qd7 6.Ng1 Qf7 7.e3 h6 8.Bf4 g5 9.Bg3
Nf6 10.h4 Rg8 11.Qa4+ Qd7 12.Qb3 Qf7 13.c5 d5 14.Nb5 Na6 15.hxg5 hxg5 16.Qa4
Kd8 17.Nc3 Nb8 18.Be5 Nbd7 19.Nxd5 Nxe5 20.dxe5 Be6 21.Nxf6 Bxc5 22.O-O-O+ Kc8
23.Rh7 {#r} 1-0

[Event "Aeroflot Open B 2017"]
[Site "masterchessopen.com Moscow RUS"]
[Date "2017.02.25"]
[Round "5.5"]
[White "Levin,Ev"]
[Black "Tran,Minh Thang"]
[Result "1-0"]
[WhiteElo "2506"]
[BlackElo "2420"]

1.Nf3 Nf6 2.c4 b6 3.d4 e6 4.g3 Bb7 5.Bg2 Be7 6.O-O O-O 7.Nc3 Ne4 8.Bd2 d6 9.d5
Nxc3 10.Bxc3 e5 11.b4 Nd7 12.Nd2 Rc8 13.a4 c6 14.Qb3 cxd5 15.cxd5 a6 16.e4 a5
17.h4 Ba6 18.Rfc1 g6 19.Qa3 f5 20.exf5 gxf5 21.bxa5 f4 22.Ne4 Nc5 23.Bd2 Nxe4
24.Bxe4 bxa5 25.Qf3 fxg3 26.Qg4+ Kh8 27.Qh5 Rxc1+ 28.Rxc1 gxf2+ 29.Kh2 {#r}
1-0

[Event "Aeroflot Open B 2017"]
[Site "masterchessopen.com Moscow RUS"]
[Date "2017.02.25"]
[Round "5.7"]
[White "Hakobyan,Aram"]
[Black "Evdokimov,Alexa"]
[Result "1-0"]
[WhiteElo "2438"]
[BlackElo "2492"]

1.d4 Nf6 2.Bg5 d5 3.e3 Nbd7 4.Nf3 g6 5.c4 c6 6.Nc3 Bg7 7.cxd5 Nxd5 8.Be2 O-O
9.O-O N7f6 10.Bh4 Bf5 11.Qb3 Qb6 12.Nd2 Rfe8 13.Bf3 Nxc3 14.bxc3 e5 15.Nc4
Qxb3 16.axb3 Bd3 17.Rfc1 e4 18.Bd1 c5 19.Ne5 Ba6 20.Bxf6 Bxf6 21.Nd7 Be7
22.Nxc5 Bxc5 23.dxc5 Bd3 24.b4 a6 25.Bb3 Red8 26.Rd1 Kf8 27.f3 Ke7 28.fxe4
Bxe4 29.Rd4 Bc6 30.Rad1 Re8 31.Rf4 f5 32.g4 Be4 33.gxf5 gxf5 34.Rh4 Rad8
35.Rxh7+ Kf6 36.Rd4 Bc6 37.Kf2 Rh8 38.Rxh8 Rxh8 39.Rd6+ Ke7 40.Kg3 a5 41.bxa5
Ra8 42.Re6+ Kd7 43.Re5 Rxa5 44.Bc2 {#r} 1-0

[Event "Aeroflot Open B 2017"]
[Site "masterchessopen.com Moscow RUS"]
[Date "2017.02.25"]
[Round "5.8"]
[White "Kozionov,Kirill"]
[Black "Tsydypov,Z"]
[Result "1-0"]
[WhiteElo "2439"]
[BlackElo "2485"]

1.e4 c5 2.Nf3 d6 3.d4 cxd4 4.Nxd4 Nf6 5.Nc3 a6 6.Nb3 e5 7.Bg5 Nbd7 8.a4 Be7
9.Nd2 Qb6 10.Nc4 Qc6 11.Ne3 h6 12.Bxf6 Nxf6 13.Bc4 Be6 14.Qd3 Rc8 15.b3 O-O
16.a5 Bxc4 17.Nxc4 Rfd8 18.Rd1 Qe8 19.O-O Rc5 20.Na4 Rb5 21.Nc3 Rc5 22.Qf3 Qc6
23.Rd3 Rd7 24.Rfd1 Ne8 25.Nb6 Rc7 26.b4 Rc4 27.Ncd5 Bd8 28.Nxc4 Qxc4 29.Rc3
Qb5 30.h4 Qd7 31.Qf5 Qe6 32.h5 Qxf5 33.exf5 f6 34.b5 {#r} 1-0

[Event "Aeroflot Open B 2017"]
[Site "masterchessopen.com Moscow RUS"]
[Date "2017.02.25"]
[Round "5.13"]
[White "Atabayew,S"]
[Black "Sviridov,Va"]
[Result "0-1"]
[WhiteElo "2422"]
[BlackElo "2515"]

1.e4 Nf6 2.e5 Nd5 3.d4 d6 4.Nf3 dxe5 5.Nxe5 c6 6.Bd3 Nd7 7.Qe2 Nxe5 8.dxe5 g6
9.Bd2 Qb6 10.c4 Nb4 11.Be4 Bg7 12.Bc3 O-O 13.a3 Na6 14.O-O Nc5 15.Bc2 Bf5
16.Bxf5 gxf5 17.Qc2 Nb3 18.Ra2 Nd4 19.Qd1 Rad8 20.Re1 Qb3 21.Qxb3 Nxb3 22.Kf1
e6 23.a4 Rfe8 24.Ra3 Nc5 25.Bb4 Nd3 26.Bd6 Nxe1 27.Kxe1 f6 28.f4 Bh6 29.g3
fxe5 30.fxe5 Rd7 31.c5 Kf7 32.a5 a6 33.Kf2 Rg8 34.h3 Bc1 35.Rf3 h5 36.Nc3 Bg5
37.Ne2 Rg6 38.Rd3 h4 39.g4 fxg4 40.hxg4 Kg8 41.Kg2 Rf7 42.Nd4 Be3 43.Nxe6
Rxg4+ 44.Kh3 Rg3+ 45.Kxh4 Rg1 46.Nf8 Rf4+ 47.Kh3 Rf5 48.Be7 Rh5+ 49.Bh4 Bf2
{#R} 0-1

[Event "Aeroflot Open B 2017"]
[Site "masterchessopen.com Moscow RUS"]
[Date "2017.02.25"]
[Round "5.14"]
[White "Nihal,Sarin"]
[Black "Konovalov,N"]
[Result "1-0"]
[WhiteElo "2386"]
[BlackElo "2501"]

1.d4 Nf6 2.c4 c5 3.d5 b5 4.Qc2 g6 5.e4 d6 6.cxb5 a6 7.Nc3 Bg7 8.a4 O-O 9.Ra3
e6 10.dxe6 Bxe6 11.Nf3 d5 12.exd5 Bf5 13.Bd3 Re8+ 14.Be3 Ng4 15.Bxf5 gxf5
16.O-O Rxe3 17.fxe3 Nxe3 18.Qd3 Nxf1 19.Kxf1 axb5 20.axb5 Rxa3 21.bxa3 Qa5
22.Ne2 Nd7 23.d6 Qa4 24.Kf2 h6 25.h3 Bf6 26.Nd2 f4 27.Nc4 Qxb5 28.Nxf4 Bg7
29.Kg3 Bd4 30.Kh2 Nf6 31.Ne2 Ba1 32.Ng3 Kf8 33.Nf5 h5 34.Qe3 Qxc4 35.d7 Nxd7
36.Qh6+ {#r} 1-0

[Event "Aeroflot Open B 2017"]
[Site "masterchessopen.com Moscow RUS"]
[Date "2017.02.25"]
[Round "5.18"]
[White "Abhishek,K"]
[Black "Shtembuliak,E"]
[Result "1-0"]
[WhiteElo "2381"]
[BlackElo "2477"]

1.b3 d5 2.Bb2 Bg4 3.f3 Bf5 4.e3 e6 5.f4 Nf6 6.Nf3 Be7 7.Be2 h6 8.O-O O-O 9.Ne5
Nbd7 10.d3 Nxe5 11.fxe5 Nd7 12.Bg4 Bh7 13.Nd2 c5 14.Rf2 Qc7 15.Nf3 c4 16.bxc4
dxc4 17.d4 c3 18.Bc1 Be4 19.a4 Nb6 20.Ne1 Nd5 21.Nd3 f5 22.Bf3 Rad8 23.Qe2
Bxf3 24.gxf3 f4 25.e4 Nb4 26.Nxf4 Rxf4 27.Bxf4 Rxd4 28.Rg2 Kh7 29.Kh1 Rd7
30.Rd1 Rxd1+ 31.Qxd1 Nc6 32.Qe1 g5 33.Qg3 Qd8 34.h4 Kg6 35.hxg5 h5 36.Qf2 Qd1+
37.Rg1 Qd4 38.Qxd4 Nxd4 39.Rf1 Ne2 40.Bh2 Bxg5 41.f4 Bh6 42.f5+ Kf7 43.fxe6+
Ke8 44.Rf7 Nd4 45.Bg1 Nxc2 46.Bc5 b6 47.Bd6 Nd4 48.Rh7 Bf8 49.e7 {#r} 1-0

[Event "Aeroflot Open B 2017"]
[Site "masterchessopen.com Moscow RUS"]
[Date "2017.02.25"]
[Round "5.24"]
[White "Abdumalik,Z"]
[Black "Vokhidov,Shamsiddin"]
[Result "1-0"]
[WhiteElo "2430"]
[BlackElo "2355"]

1.e4 c5 2.Nf3 e6 3.d4 cxd4 4.Nxd4 Nc6 5.Nc3 Qc7 6.Be3 Nf6 7.f4 Bb4 8.Nb5 Qa5
9.e5 Nd5 10.Bd2 Nxc3 11.bxc3 Bc5 12.c4 Qd8 13.Bd3 d5 14.exd6 Bxd6 15.Nxd6+
Qxd6 16.O-O O-O 17.Kh1 f5 18.Bc3 b6 19.Rb1 Rf7 20.Qc1 Bb7 21.Qe3 Re8 22.Rfe1
Qf8 23.c5 bxc5 24.Rb5 Nb4 25.Bxb4 cxb4 26.Rb1 a5 27.Rxa5 Bd5 28.Qe5 Rb7
29.Rxd5 exd5 30.Qxd5+ Rf7 31.Bc4 Re4 32.h3 g6 33.Qb5 Kg7 34.Bxf7 Qxf7 35.Rxb4
Rxb4 36.Qxb4 Qxa2 37.Qd4+ Kh6 38.c4 Qa4 39.Kh2 Qb4 40.Qd5 Qa4 41.Qc5 Qe8
42.Qd6 Qe2 43.c5 Qc4 44.c6 Kh5 45.c7 Kh6 46.Qf8+ Kh5 47.g4+ fxg4 48.hxg4+ Kh4
49.Qd8+ {#r} 1-0

[Event "Aeroflot Open B 2017"]
[Site "masterchessopen.com Moscow RUS"]
[Date "2017.02.25"]
[Round "5.25"]
[White "Yudin,S"]
[Black "Gorbatov,A"]
[Result "1-0"]
[WhiteElo "2523"]
[BlackElo "2374"]

1.e4 c5 2.Nf3 d6 3.c3 Nf6 4.h3 g6 5.Bd3 Bg7 6.O-O O-O 7.Bc2 e5 8.d4 exd4
9.cxd4 Nc6 10.dxc5 dxc5 11.Nc3 Be6 12.Qe2 Qa5 13.Bd2 Nb4 14.Bb3 Bxb3 15.axb3
Qd8 16.e5 Re8 17.Rfd1 Qc7 18.Be3 Rxe5 19.Nxe5 Qxe5 20.Qf3 Nc6 21.Na4 Nd4
22.Bxd4 cxd4 23.Nb6 Rd8 24.Rxa7 Qb5 25.Rxb7 d3 26.Nd7 Qf5 27.Qxf5 gxf5 28.Rxd3
{#r} 1-0

[Event "Aeroflot Open B 2017"]
[Site "masterchessopen.com Moscow RUS"]
[Date "2017.02.25"]
[Round "5.26"]
[White "Stathopoulos,I"]
[Black "Moiseenko,Va"]
[Result "0-1"]
[WhiteElo "2387"]
[BlackElo "2508"]

1.d4 Nf6 2.c4 e6 3.Nf3 Nc6 4.g3 Bb4+ 5.Bd2 Qe7 6.Nc3 Bxc3 7.Bxc3 Ne4 8.Rc1 O-O
9.Bg2 d6 10.d5 Nxc3 11.Rxc3 Nb8 12.dxe6 fxe6 13.O-O Nc6 14.Nd4 Bd7 15.c5 d5
16.Re3 Qxc5 17.Nxe6 Bxe6 18.Rxe6 Rad8 19.Qd2 Rf5 20.Re3 Re5 21.Rc1 Qe7 22.Rb3
Rxe2 23.Qd1 Na5 24.Rb5 Nc4 25.Rxd5 Nd6 26.Bf3 Re6 27.Ra5 Kh8 28.Bd5 Re5 29.b4
c6 30.Bb3 Nc4 31.Qxd8+ Qxd8 32.Rxc4 Rxa5 33.bxa5 Qxa5 34.Re4 Qd8 35.Bf7 Qd1+
36.Kg2 g6 37.Re7 Qc2 38.Bb3 a5 39.g4 a4 40.Be6 Qe4+ 41.Kg1 h6 42.h4 b5 43.Kh2
b4 44.Kg3 b3 45.axb3 axb3 46.Re8+ Kg7 {#R} 0-1

[Event "Aeroflot Open B 2017"]
[Site "masterchessopen.com Moscow RUS"]
[Date "2017.02.25"]
[Round "5.27"]
[White "Trjapishko,A"]
[Black "Kakabaev,Mergen"]
[Result "1-0"]
[WhiteElo "2500"]
[BlackElo "2329"]

1.d4 d5 2.Nc3 Nf6 3.Bf4 e6 4.Nb5 Na6 5.e3 c6 6.Nc3 Nb8 7.Bd3 c5 8.dxc5 Bxc5
9.Nf3 O-O 10.O-O Nc6 11.e4 dxe4 12.Bxe4 Qxd1 13.Raxd1 Nxe4 14.Nxe4 Be7 15.Nd4
Nxd4 16.Rxd4 f5 17.Bd6 Kf7 18.Bxe7 Kxe7 19.Ng5 h6 20.Nf3 Rd8 21.Rxd8 Kxd8
22.Ne5 a5 23.a4 Ra6 24.b3 Ke7 25.Rd1 Rd6 26.Rxd6 Kxd6 27.Nc4+ Kc5 28.Nxa5 b6
29.Nc4 Ba6 30.Ne5 Kd4 31.Nd7 b5 32.axb5 Bxb5 33.Nf8 Ke5 34.Ng6+ Kd4 35.Nf4 Ke5
36.c4 Bd7 37.Ng6+ Kd4 38.f4 Kc3 39.Ne5 Bc8 40.c5 Kxb3 41.c6 g5 42.fxg5 hxg5
43.Nf7 Ba6 44.Nxg5 {#r} 1-0

[Event "Aeroflot Open B 2017"]
[Site "masterchessopen.com Moscow RUS"]
[Date "2017.02.25"]
[Round "5.29"]
[White "Baghdasaryan,V"]
[Black "Zakaryan,David"]
[Result "1-0"]
[WhiteElo "2462"]
[BlackElo "2320"]

1.c4 Nf6 2.Nc3 e5 3.Nf3 Nc6 4.e4 Bb4 5.d3 h6 6.a3 Bc5 7.Nxe5 Nxe5 8.d4 Bxd4
9.Qxd4 d6 10.Be2 Be6 11.b3 O-O 12.O-O c5 13.Qd1 Qb6 14.Be3 Rfe8 15.Rb1 Rad8
16.Kh1 Qa5 17.Qc1 Bd7 18.f3 Qc7 19.g4 Bc6 20.g5 hxg5 21.Bxg5 Ng6 22.Bxf6 gxf6
23.Qh6 Qe7 24.b4 Qf8 25.Qh3 b6 26.Nd5 Bxd5 27.cxd5 Kg7 28.bxc5 dxc5 29.Bb5 Qh8
30.Qg3 Re5 31.f4 Rh5 32.Be2 Rh3 33.Qg2 Qh4 34.Bg4 Rxa3 35.e5 Rh8 36.exf6+ Qxf6
37.d6 Rd3 38.d7 Qd4 39.Rbd1 c4 40.f5 Nf4 41.Rxd3 cxd3 42.Qg3 Nd5 43.Bf3+ Kh7
44.Qh3+ Kg7 {#r} 1-0

[Event "Aeroflot Open B 2017"]
[Site "masterchessopen.com Moscow RUS"]
[Date "2017.02.25"]
[Round "5.31"]
[White "Savenkov,K"]
[Black "Murtazin,Bulat"]
[Result "1-0"]
[WhiteElo "2365"]
[BlackElo "2425"]

1.Nf3 Nf6 2.g3 d5 3.Bg2 c6 4.O-O Bg4 5.d3 Nbd7 6.c4 e6 7.Nbd2 Bd6 8.b3 Qe7
9.a3 a5 10.Bb2 O-O 11.Qb1 Nc5 12.Re1 Rfd8 13.cxd5 exd5 14.Nd4 Qd7 15.Qc2 Re8
16.e4 Bf8 17.b4 Na6 18.e5 Nh5 19.bxa5 g6 20.Nf1 Nc5 21.Bc3 Ng7 22.Bb4 Nce6
23.Nxe6 Nxe6 24.h3 Nd4 25.Qb2 Nf3+ 26.Bxf3 Bxf3 27.Nh2 c5 28.Bd2 Bh5 29.g4 d4
30.Rab1 g5 31.gxh5 Qxh3 32.Qxb7 Qxd3 33.Bxg5 Qh3 34.Rb3 d3 35.Re3 Qxh5
36.Rbxd3 Rab8 37.Qg2 Rb1+ 38.Nf1 c4 39.Rh3 Qg6 40.Rdg3 c3 41.Bf6 {#r} 1-0

[Event "Aeroflot Open B 2017"]
[Site "masterchessopen.com Moscow RUS"]
[Date "2017.02.25"]
[Round "5.32"]
[White "Duzhakov,I"]
[Black "Davtyan,Artur"]
[Result "1-0"]
[WhiteElo "2424"]
[BlackElo "2275"]

1.d4 Nf6 2.c4 e6 3.g3 c5 4.d5 exd5 5.cxd5 b5 6.e4 Nxe4 7.Bg2 Nd6 8.Bf4 Be7
9.Nf3 O-O 10.O-O Na6 11.Re1 Bb7 12.Nc3 b4 13.Bxd6 Bxd6 14.Ne4 Qc7 15.Nfg5 h6
16.Qh5 Rae8 17.Nf6+ gxf6 18.Qxh6 fxg5 19.Qxg5+ Kh8 20.Qh6+ Kg8 21.Be4 f5
22.Bxf5 Rxe1+ 23.Rxe1 Rxf5 24.Qg6+ Kh8 25.Re8+ Rf8 26.Re4 Qd8 27.Qh6+ Kg8
28.Rg4+ Kf7 29.Rg7+ {#r} 1-0

[Event "Aeroflot Open B 2017"]
[Site "masterchessopen.com Moscow RUS"]
[Date "2017.02.25"]
[Round "5.33"]
[White "Esenov,An"]
[Black "Korchmar,V"]
[Result "1-0"]
[WhiteElo "2302"]
[BlackElo "2409"]

1.e4 e5 2.Nf3 Nc6 3.Bb5 a6 4.Ba4 Nf6 5.O-O Be7 6.Re1 b5 7.Bb3 O-O 8.c3 d5
9.exd5 Nxd5 10.Nxe5 Nxe5 11.Rxe5 c6 12.d4 Bd6 13.Re1 Qh4 14.g3 Qh3 15.Be3 Bg4
16.Qd3 Rae8 17.Nd2 Qh5 18.a4 Re6 19.axb5 axb5 20.Nf1 h6 21.Ra6 Qh3 22.Nd2 Rfe8
23.Bxd5 cxd5 24.Qxb5 Bxg3 25.hxg3 Rxe3 26.Rxe3 Rxe3 27.Qb8+ Kh7 28.fxe3 {#r}
1-0